LEADER 00745nam a2200193 i 4500 001 000000182097 003 CaOOAMICUS 005 20091010000000.0 008 091010s1929 it u000 u ita u 013 $a160033 040 $aSeMil$bita 245 10$aDal sec. 6. al sec. 8. 300 $aVIII, 135 p. 500 $aContiene : Bibliografia. 700 1 $aSaba, Agostino,$c.$0(OLS)http://semarc/name/4324 773 0 $aSaba, Agostino $tPontificato Romano e la Sardegna Medioevale.$dRoma : Sansaini & C., 1929.$gVol.1$w()22134 850 $aSeMil 852 $aSeMil$W1$xVenegono$y1$m3D V 57$j210517$B132801$CSeMilBibl$Z2$F144630 $81 996 $6245$aDal sec. 6. al sec. 8$9(OLS)http://semarc/title/261332